Paroles "Yeux disent (version acoustique)" - Lomepal - Statistiques

Statistiques générales
  • Ce quiz a été pris 310 fois
  • Le résultat moyen est 310 sur 489
Statistiques - réponses
Paroles % Correct
le
95%
Le
95%
de
91%
y
90%
j'ai
89%
J'ai
89%
Yeux
88%
yeux
88%
yeux,
88%
disent
87%
m'a
87%
ma
87%
me
87%
con
86%
contraire,
86%
contraire.
86%
je
86%
Je
86%
à
85%
a
85%
a,
85%
À
85%
et
85%
Et
85%
la
84%
les
84%
mai
82%
se
82%
en
81%
mes
81%
sa
81%
ai
80%
mais
80%
Mais
80%
un
80%
Un
80%
dans
79%
des
79%
mot
79%
pas
79%
Pas
79%
bon
77%
cœur.
77%
l'ai
77%
n'a
77%
regard.
77%
Antoine,
76%
fond,
76%
ce
75%
Ce
75%
Enchanté,
75%
75%
ou
75%
promis.
75%
Aïe,
74%
brise
73%
peu
73%
plus
73%
que
73%
on
71%
On
71%
Recharge
71%
recharge
71%
rêves
71%
trop
71%
batteries,
70%
besoin
70%
elle
70%
Elle
70%
juste
70%
ton
70%
cœurs
69%
fait.
69%
fait
69%
j'en
69%
voulais
69%
qu'elle
67%
seul
67%
dit
66%
mis.
66%
sans
66%
alors
65%
dire
65%
distance,
65%
jour
65%
jour,
65%
mal
65%
mots
64%
tro-mé.
64%
artiste,
63%
effet.
63%
vu
63%
avait
62%
comme
62%
devenir
62%
d'air,
61%
été
61%
sourires
61%
tranchants,
61%
vengeance,
61%
Assis
60%
blessée.
60%
excuses
60%
m'en
60%
n'avaient
60%
plexus
60%
pour
60%
touchée
60%
ça
59%
craché
59%
forcés.
59%
l'cœur,
59%
l'cœur.
59%
sous
59%
honnête,
57%
honnête.
57%
lui
57%
peut-être
57%
suis
57%
tête.
57%
Oups,
56%
si
56%
j'avais
55%
j'étais
55%
menti,
55%
attention
54%
ensemble
54%
oui,
54%
rimes
54%
déjà
53%
comment
52%
fille
52%
cerveaux
51%
une
51%
écoutée,
50%
promettent.
50%
atteindre
49%
sais
49%
ses
49%
soir
49%
stade ?
49%
était
48%
être
48%
perdu
48%
stable,
48%
Stan.
48%
star.
48%
terrible
48%
avec
47%
lettres
47%
fierté.
46%
pouvais
46%
J'lui
45%
musique,
45%
parle
45%
souffrait,
45%
unique,
45%
dort
43%
empiété.
43%
mon
43%
aïe aïe.
42%
J'me
42%
j'veux
42%
c'est
41%
jour-là,
41%
OK,
41%
vie,
41%
belle
40%
hey.
40%
regarde
40%
souvent
40%
qui
39%
renaître
39%
agités
38%
est
38%
qu'c'était
38%
reflet.
38%
bons
37%
concerts.
37%
conseils.
36%
dalle
36%
j'fais
36%
Paris,
35%
voir
35%
vide,
34%
heures
33%
heures.
33%
morceaux,
33%
d'Luffy,
32%
J'écoute
32%
maquettes
32%
comble
31%
faut
31%
j'entends
31%
il
30%
marché
30%
pendant
30%
quand
30%
jamais
29%
problème
29%
précieux,
26%
qu'on
26%
casse
25%
démons
24%
irremplaçable
24%
compte
23%
L'image
23%
partie.
23%
doutes
22%
genre
22%
merde.
22%
plafond
21%
profite
21%
quelques
21%
rendrai
21%
sera
21%
seulement
21%
soi-même,
21%
cinq
20%
revenaient.
20%
fixant
19%
jusqu'à
19%
Oh,
18%
réponse
18%
veux
18%
cherché
17%
aïe aïe aïe.
16%
bien
16%
bien,
16%
non.
15%
ouais.
15%
problèmes.
10%
souvenir
10%
faisais.
9%
peur.
9%
Pourquoi
9%
savais
9%
2015.
7%
40
7%
9
7%
faire
7%
fièvre,
7%
j'allume
7%
montre
7%
sens
7%
ventilateur.
7%
gère
6%
Indonésie,
6%
ressort ?
6%
Aucun quiz correspondant
Distribution des résultats
% des personnes avec chaque résultat
Percentile par nombre de réponses
Votre historique - résultats
Vous n’avez pas pris ce quiz